00854nam a2200181 a 450000100100000000500170001000800410002704000250006808200150009310000310010824501890013926000410032830000210036970000380039095201080042895201190053699900170065500004399720201002045101.0140512s1967 dr 000 0 spa d aDO-SdBNPbspacBNPHU axxxxbxxxx1 aEspinal, Ricardo E.97195810aTeología y revolución :bcartas entre estudiantes en materia de religión y pasajes históricos de la lucha constitucionalista /cRicardo E. Espinal ; prólogo Rafael A. Pinedo. aSanto Domingo :bArte y Cine,c1967. a206 p. ;c23 cm.12aPinedo, Rafael A.epról.971959 0010718PDaPDbPDcHDd2014-05-12iLF1l0o1967p43997-10r2020-06-25w2020-06-25yLFPDZNo se presta 0010718PDaPDbPDcHDd2018-04-04iLF1l0oxxxx xxxxp43997-20r2020-06-25te. 2w2020-06-25yLFPDZNo se presta c43486d43486